000 00504nam a2200205 b 4500
001 00000000058772
003 OSt
005 20140731213005.0
008 020226s1963 esp 000 1 spa d
040 _aBU-BP
_cBMC
082 _a910.4
100 _951
_aTaine, Hippolyte
_d1828-1893
245 1 0 _aViaje a los Pirineos
_cHipólito Taine
250 _a2ª ed
260 _aMadrid
_bEspasa-Calpe
_c1963
300 _a220 p.
_c18 cm
490 _aAustral
_v448
650 _9136
_aViajes
942 _2ddc
_cBK
999 _c358
_d358